| 000 | 01045nam a22002777a 4500 | ||
|---|---|---|---|
| 001 | 8874 | ||
| 003 | FISKH | ||
| 005 | 20251027082816.0 | ||
| 008 | 251027b cb ||||| |||| 00| 0 eng d | ||
| 020 | _a9781618103192 | ||
| 040 |
_aFISKH _beng _cFISKH _dFISKH |
||
| 050 | _aPZ7 | ||
| 082 | _a823 | ||
| 100 |
_aReed, Jennifer _eAuthor |
||
| 245 |
_aTime for a trim / _cBy Jennifer Bond Reed ; Illustrated by Marc Mones |
||
| 260 |
_aShenzhen : _bRourke Educational Media , _c2013 |
||
| 300 |
_a24 pages : _bcolor illustrations ; _c21 cm |
||
| 505 | _aJ | ||
| 520 | _aThe vibrant illustrations and engaging leveled text in Little Birdie Books' leveled readers work together to tell fun stories while supporting your early readers. Before reading vocabulary building and after reading activities develop young readers' vocabulary and reading comprehension. | ||
| 521 | 8 |
_a480
_bLexile |
|
| 521 | 8 |
_aJ
_bRaz-Plus |
|
| 650 |
_aFun stories _vBarber |
||
| 700 |
_aMones, Marc _eIllustrator |
||
| 942 |
_2ddc _cBK _n0 |
||
| 999 |
_c8874 _d8874 |
||